Logo Biblioteca

Reconstrucciones de Desaparecidos. (Registro nro. 201)

Detalles MARC
000 -LEADER
fixed length control field 00595nam a22001697a 4500
003 - CONTROL NUMBER IDENTIFIER
control field OSt
005 - DATE AND TIME OF LATEST TRANSACTION
control field 20240221110915.0
008 - FIXED-LENGTH DATA ELEMENTS--GENERAL INFORMATION
fixed length control field 240221s2002 ag ||||| |||| 00| 0 spa d
020 ## - INTERNATIONAL STANDARD BOOK NUMBER
International Standard Book Number 9508601108
040 ## - CATALOGING SOURCE
Transcribing agency besoc
100 ## - MAIN ENTRY--PERSONAL NAME
Personal name Margulis, Alejandro
Relator term autor
245 ## - TITLE STATEMENT
Title Reconstrucciones de Desaparecidos.
Statement of responsibility, etc. Alejandro Margulis
260 ## - PUBLICATION, DISTRIBUTION, ETC.
Place of publication, distribution, etc. Buenos Aires:
Name of publisher, distributor, etc. Desde La Gente
Date of publication, distribution, etc. 2002
300 ## - PHYSICAL DESCRIPTION
Extent 128 p.
505 ## - FORMATTED CONTENTS NOTE
Formatted contents note Hijos, Guillermina Perot y Guillermo Báez-Hermanos Gustavo Kehoe Wilson, Marcelo Brodsky-Madres, Hebe de Bonafini, Nora Cortiñas-Abuelas, Estela de Carlotto.
942 ## - ADDED ENTRY ELEMENTS (KOHA)
Source of classification or shelving scheme Universal Decimal Classification
Koha item type Libro de préstamo a domicilio
Suppress in OPAC No

No hay ítems disponibles.

Biblioteca de la Escuela Preuniversitaria en Ciencias Sociales y Humanísticas.
Riobamba 250 bis.
CP 2000 - Rosario - Santa Fe
E-Mail: biblioteca@esociales.unr.edu.ar